000
00227nam a2200097Ia 4500
008
220204s9999 xx 000 0 und d
082
_a
914(33)
_b
HOL
245
0
_a
Holy land
260
_b
Colour Library International
942
_c
BK
999
_c
35877
_d
35877